000 01022 a2200205 4500
001 22388
005 20260407155515.0
008 260407a1969 arg spa d
003 AR-UNSa-BCEJYS
040 _aAR-UNSa-BCEJYS
_bspa
_cAR-UNSa-BCEJYS
080 _a336.2
_xIngresos públicos (Derecho tributario)
245 1 0 _aCurso superior de derecho tributario
264 1 _aBuenos Aires :
_bLiceo Profesional Cima
_c1969
300 _a500 p.
_c25 cm.
505 _a1. Nociones preliminares - 2. El poder fiscal: distribución de facultades impositivas. Derecho tributario interestadual - 3. Límites constitucionales al ejercicio del poder fiscal - 4. Relación jurídica tributaria - 5. Nacimiento y extinción de la obligación tributaria - 6. Naturaleza e interpretación de las normas tributarias sustantivas - 7. Derecho tributario penal - 8. Derecho tributario administrativo - 9. Derecho tributario procesal
041 _aspa
942 _cBK
590 _aniveau_biblio:m niveau_hierar:0
100 1 _aJarach, Dino
999 _c1004
_d1004